000 00678nam a2200253Ia 4500
003 OSt
005 20220925215516.0
006 a|||||r|||| 00| 0
007 ta
008 220923b |||||||| |||| 00| 0 eng d
037 _cGeneral Book
040 _aRTL
_cRTL
_beng
041 _2eng
_aeng
082 _aW65, K5;L5
100 _aMarshall T H
_9106837
245 0 _aSocial policy in the twentieth century
250 _a4
260 _aLondon
_bHutchinson
_c1975
300 _a240p
_ccm.
500 _aBibliography: P 222-35
650 _aAutho Ritarianism
_9231046
942 _hW65, K5;L5
_cGB
_2CC
999 _c568968
_d568968